Walts by Picture - Statistics

General Stats
  • This quiz has been taken 21 times
  • The average score is 4 of 7
Answer Stats
Picture Hint Answer % Correct
Walt Disney
100%
(poet) Walt Whitman
74%
Walter Matthau
68%
Walter Cronkite
63%
Walter Payton
58%
Walter Mondale
42%
Walton Goggins
32%
No matching quizzes found
Score Distribution
Percent of People with Each Score
Percentile by Number Answered
Your Score History
You have not taken this quiz